[Event "Landesliga Nord 1112"]
[Site "Bayern"]
[Date "2012.03.18"]
[Round "8.1"]
[White "Tran, Phat"]
[Black "Van Ginkel, Pieter"]
[Result "1-0"]
[WhiteElo "2252"]
[BlackElo "2119"]
[PlyCount "37"]
[EventDate "2011.10.02"]
[EventType "team-tourn"]
[EventRounds "9"]
[EventCountry "GER"]
[SourceTitle "EXT 2015"]
[Source "ChessBase"]
[SourceDate "2014.11.20"]
[SourceVersion "1"]
[SourceVersionDate "2014.11.20"]
[SourceQuality "1"]
[WhiteTeam "Nuernberg NT II"]
[BlackTeam "Nuernberg Sued SW"]
[WhiteTeamCountry "GER"]
[BlackTeamCountry "GER"]

1. e4 c5 2. Nf3 e6 3. d4 cxd4 4. Nxd4 Nc6 5. Nc3 Nf6 6. Nxc6 bxc6 7. e5 Nd5 8. Nxd5 cxd5 9. Bd3 Be7 10. Qg4 g6 11. 0-0 d6 12. exd6 Qxd6 13. Bh6 Bd7 14. c4 Bf8 15. Qd4 Rg8 16. Bxf8 Kxf8 17. Rac1 Bc6 18. cxd5 Qxd5 19. Qb4+ 1-0

[Event "Landesliga Nord 1112"]
[Site "Bayern"]
[Date "2012.02.26"]
[Round "7.1"]
[White "Tran, Phat"]
[Black "Loew, Gerald"]
[Result "1/2-1/2"]
[WhiteElo "2252"]
[BlackElo "2221"]
[PlyCount "91"]
[EventDate "2011.10.02"]
[EventType "team-tourn"]
[EventRounds "9"]
[EventCountry "GER"]
[SourceTitle "EXT 2015"]
[Source "ChessBase"]
[SourceDate "2014.11.20"]
[SourceVersion "1"]
[SourceVersionDate "2014.11.20"]
[SourceQuality "1"]
[WhiteTeam "Nuernberg NT II"]
[BlackTeam "Bindlach II"]
[WhiteTeamCountry "GER"]
[BlackTeamCountry "GER"]

1. d4 Nf6 2. c4 g6 3. Nc3 d5 4. Nf3 Bg7 5. cxd5 Nxd5 6. Qb3 Nxc3 7. bxc3 c5 8. e3 0-0 9. Be2 Nc6 10. 0-0 cxd4 11. cxd4 b6 12. Ba3 Be6 13. Qa4 Na5 14. Bb4 Bd7 15. Bb5 Bxb5 16. Qxb5 Nb7 17. Qa6 Nd6 18. Rac1 Qd7 19. a4 Rfc8 20. Bxd6 exd6 21. Nd2 Rc7 22. Qb5 Qd8 23. Nb3 Rac8 24. g3 h5 25. h4 Rc2 26. Qa6 Qd7 27. Nc5 R2xc5 28. dxc5 bxc5 29. Rfd1 Be5 30. Qc4 Qh3 31. Qf1 Qg4 32. Rc4 Qf3 33. Rc2 Rb8 34. Qe2 Qc6 35. Qc4 Qf3 36. Qd5 Qg4 37. Rc4 Qh3 38. Qg2 Qe6 39. Rdc1 Rb2 40. R4c2 Rb4 41. a5 Kg7 42. Qf1 Qf5 43. Rd2 Qe6 44. Qd3 Qh3 45. f4 Rb2 46. fxe5 1/2-1/2

[Event "Landesliga Nord 1112"]
[Site "Bayern"]
[Date "2012.02.05"]
[Round "6.1"]
[White "Kreuzer, Martin"]
[Black "Tran, Phat"]
[Result "1-0"]
[WhiteElo "2335"]
[BlackElo "2252"]
[PlyCount "109"]
[EventDate "2011.10.02"]
[EventType "team-tourn"]
[EventRounds "9"]
[EventCountry "GER"]
[SourceTitle "EXT 2013"]
[Source "ChessBase"]
[SourceDate "2012.11.22"]
[SourceVersion "1"]
[SourceVersionDate "2012.11.22"]
[SourceQuality "1"]
[WhiteTeam "Kelheim"]
[BlackTeam "Nuernberg NT II"]
[WhiteTeamCountry "GER"]
[BlackTeamCountry "GER"]

1. e4 d6 2. d4 Nf6 3. Nc3 g6 4. f3 Bg7 5. Be3 0-0 6. Bc4 c6 7. Bb3 b5 8. Qd2 a5 9. a4 b4 10. Nce2 Qc7 11. Bh6 c5 12. Bxg7 Kxg7 13. dxc5 dxc5 14. Bc4 Rd8 15. Qe3 e5 16. h4 h5 17. Nh3 Bxh3 18. Rxh3 Nbd7 19. Rh1 Nb6 20. Bb5 Nc8 21. Ng3 Nd6 22. Be2 Nh7 23. Kf2 Nf8 24. Rhd1 Ne6 25. Rd5 f6 26. c3 Nb7 27. Rad1 Nf4 28. Rxd8 Rxd8 29. Rd2 Rd6 30. Nf1 Nxe2 31. Qxe2 Qc6 32. Rxd6 Nxd6 33. Qd3 Ne8 34. Qd1 Nc7 35. Ne3 bxc3 36. bxc3 Kf7 37. Nc4 Ke7 38. Qb3 Qd7 39. Qb6 Ne6 40. Qxa5 Qd3 41. Qa7+ Kf8 42. Qa8+ Kg7 43. Qb7+ Kf8 44. Qd5 Qc2+ 45. Qd2 Qxa4 46. Qh6+ Ke7 47. Qh7+ Kd8 48. Qh8+ Ke7 49. Ne3 Nf4 50. Qg7+ Ke6 51. Qg8+ Ke7 52. g3 Nd3+ 53. Kg2 Qe8 54. Nd5+ Kd8 55. Qg7 1-0

[Event "Landesliga Nord 1112"]
[Site "Bayern"]
[Date "2011.12.11"]
[Round "4.1"]
[White "Velicka, Petr"]
[Black "Tran, Phat"]
[Result "1-0"]
[WhiteElo "2447"]
[BlackElo "2252"]
[PlyCount "93"]
[EventDate "2011.10.02"]
[EventType "team-tourn"]
[EventRounds "9"]
[EventCountry "GER"]
[SourceTitle "EXT 2013"]
[Source "ChessBase"]
[SourceDate "2012.11.22"]
[SourceVersion "1"]
[SourceVersionDate "2012.11.22"]
[SourceQuality "1"]
[WhiteTeam "Obernau"]
[BlackTeam "Nuernberg NT II"]
[WhiteTeamCountry "GER"]
[BlackTeamCountry "GER"]

1. e4 c5 2. Nf3 d6 3. Bc4 Nc6 4. c3 Nf6 5. d3 e6 6. Bb3 Be7 7. 0-0 0-0 8. Nbd2 Rb8 9. d4 cxd4 10. cxd4 e5 11. d5 Nb4 12. Nb1 b6 13. a3 Na6 14. Nc3 Bg4 15. h3 Bh5 16. Bc2 b5 17. b4 Qd7 18. Bd3 Rfc8 19. Bd2 Nc7 20. Qe2 h6 21. Rfc1 Nh7 22. g4 Bg6 23. Kg2 h5 24. Nh2 hxg4 25. hxg4 a6 26. a4 bxa4 27. Rxa4 Bg5 28. Rca1 Qe7 29. Nf3 Bxd2 30. Qxd2 Nf6 31. Nh2 Nd7 32. f3 Nb6 33. Ra5 Qh4 34. Nf1 Qh6 35. Qxh6 gxh6 36. Ne3 Ne6 37. dxe6 Rxc3 38. R5a3 Rxa3 39. exf7+ Kxf7 40. Rxa3 Nd7 41. Nd5 Nf6 42. Nxf6 Kxf6 43. Rxa6 Rxb4 44. Rxd6+ Kg5 45. Re6 Rb3 46. Be2 Rb2 47. Kf2 1-0

[Event "Landesliga Nord 1011"]
[Site "Bayern"]
[Date "2011.02.27"]
[Round "7.1"]
[White "Zvara, Petr"]
[Black "Tran, Phat"]
[Result "0-1"]
[WhiteElo "2364"]
[BlackElo "2252"]
[PlyCount "102"]
[EventDate "2010.10.10"]
[EventType "team-tourn"]
[EventRounds "9"]
[EventCountry "GER"]
[SourceTitle "EXT 2012"]
[Source "ChessBase"]
[SourceDate "2011.11.24"]
[SourceVersion "1"]
[SourceVersionDate "2011.11.24"]
[SourceQuality "1"]
[WhiteTeam "Schwandorf"]
[BlackTeam "Nuernberg NT II"]
[WhiteTeamCountry "GER"]
[BlackTeamCountry "GER"]

1. e4 c5 2. Nf3 d6 3. d4 cxd4 4. Nxd4 Nf6 5. Nc3 Nc6 6. Bg5 e6 7. Qd2 Be7 8. 0-0-0 0-0 9. f4 Nxd4 10. Qxd4 Qa5 11. Bc4 e5 12. Qd2 Bg4 13. Rde1 Be6 14. Bb3 Rac8 15. Kb1 Kh8 16. Bxf6 Bxf6 17. f5 Bc4 18. Rd1 Rfd8 19. g4 Bh4 20. g5 Qc5 21. Bxc4 Qxc4 22. Rhg1 f6 23. g6 h6 24. Qd3 Qc5 25. Nd5 Qf2 26. h3 Bg5 27. Rgf1 Qc5 28. Nc3 a6 29. Qd5 Qb6 30. Qb3 Qc5 31. Rd5 Qa7 32. Rfd1 Rc6 33. R5d3 Be3 34. Qf7 Bc5 35. Nd5 b5 36. b4 Bb6 37. Ne7 Rc4 38. Rxd6 Rxb4+ 39. Ka1 Bd4+ 40. R1xd4 Rxd4 41. Rd5 R4xd5 42. exd5 e4 43. Nc6 Qxf7 44. gxf7 Rf8 45. Ne7 Rxf7 46. d6 Rf8 47. Ng6+ Kg8 48. Nxf8 Kxf8 49. Kb2 Ke8 50. Kc3 Kd7 51. Kd4 Kxd6 0-1

[Event "Landesliga Nord 1011"]
[Site "Bayern"]
[Date "2011.02.06"]
[Round "6.1"]
[White "Tran, Phat"]
[Black "Hitzler, Philipp"]
[Result "0-1"]
[WhiteElo "2252"]
[BlackElo "2284"]
[PlyCount "38"]
[EventDate "2010.10.10"]
[EventType "team-tourn"]
[EventRounds "9"]
[EventCountry "GER"]
[SourceTitle "EXT 2012"]
[Source "ChessBase"]
[SourceDate "2011.11.24"]
[SourceVersion "1"]
[SourceVersionDate "2011.11.24"]
[SourceQuality "1"]
[WhiteTeam "Nuernberg NT II"]
[BlackTeam "Neutraubling"]
[WhiteTeamCountry "GER"]
[BlackTeamCountry "GER"]

1. d4 d5 2. c4 c6 3. Nc3 Nf6 4. Nf3 a6 5. Bf4 dxc4 6. a4 Nd5 7. Bxb8 Rxb8 8. a5 Bg4 9. Ne5 Bh5 10. Qa4 e6 11. e4 Nb4 12. g4 Qxd4 13. Nxc6 bxc6 14. Rd1 Qf6 15. gxh5 Bc5 16. Rd2 0-0 17. Nd1 Qf3 18. Rg1 Qxe4+ 19. Be2 Rfd8 0-1